00347nam a22001457a 4500003000500000020000800005038001100013082001800024100001400042245003000056260003800086300001300124880003200137880003200169NUST qP/B awaseem a891.4911bRIA aRiaz Raji aAmar Rachana /cRiaz Raji aLahore :bPanjind Academy,c1981. a112 p. ; 6100-01\raریاض راجی 6245-02\raامر رچنا /